[Event "IECG TE.2003.P.01207 email"]
[Site "IECG email"]
[Date "2003.08.18"]
[Round "?"]
[White "Cuellar Goytortua, Manuel de Jesus"]
[Black "Deschamp, Guy"]
[Result "0-1"]
[WhiteElo "736"]
[BlackElo "2255"]
[PlyCount "20"]
[EventDate "2003.08.18"]
[EventType "tourn (corr)"]
[EventRounds "8"]
[SourceTitle "Corr 2008"]
[Source "ChessBase"]
[SourceDate "2008.06.24"]
[SourceVersion "1"]
[SourceVersionDate "2008.06.24"]
[SourceQuality "1"]

1. e4 d5 2. exd5 Qxd5 3. Nc3 Qd6 4. d4 a6 5. Nf3 Nf6 6. Bc4 Nc6 7. 0-0 b5 8. Bd3 Bg4 9. Qe1 Bxf3 10. gxf3 Nxd4 0-1

[Event "IECG QN.2003.0.00273 email "]
[Site "IECG email"]
[Date "2003.05.06"]
[Round "?"]
[White "Brenner, Renald"]
[Black "Cuellar Goytortua, Manuel de Jesus"]
[Result "1-0"]
[WhiteElo "968"]
[BlackElo "800"]
[PlyCount "71"]
[EventDate "2003.05.06"]
[EventType "tourn (corr)"]
[EventRounds "6"]
[SourceTitle "Corr 2008"]
[Source "ChessBase"]
[SourceDate "2008.06.24"]
[SourceVersion "1"]
[SourceVersionDate "2008.06.24"]
[SourceQuality "1"]

1. Nf3 Nc6 2. d4 d5 3. c4 Nf6 4. e3 Na5 5. Nbd2 e6 6. Be2 c5 7. Nb3 cxd4 8. Nxa5 Qxa5+ 9. Bd2 Qc7 10. cxd5 dxe3 11. Bxe3 exd5 12. Rc1 Qd8 13. 0-0 Bd6 14. Bg5 Be6 15. Bb5+ Bd7 16. Qa4 0-0 17. Bxd7 Qxd7 18. Qxd7 Nxd7 19. Rfd1 h6 20. Rxd5 Bc7 21. Rxc7 Rac8 22. Rdxd7 Rxc7 23. Rxc7 hxg5 24. Nxg5 Rd8 25. h3 f6 26. Ne6 Rd1+ 27. Kh2 Rd2 28. Rxg7+ Kh8 29. Rxb7 Rxf2 30. a4 f5 31. b4 Kg8 32. Rxa7 Re2 33. Nd4 Rb2 34. b5 Rd2 35. b6 Rxd4 36. Ra8+ 1-0

[Event "IECG QN.2003.0.00273 email "]
[Site "IECG email"]
[Date "2003.05.06"]
[Round "?"]
[White "Cuellar Goytortua, Manuel de Jesus"]
[Black "Beaver, Michael Andrew"]
[Result "0-1"]
[WhiteElo "800"]
[BlackElo "769"]
[PlyCount "112"]
[EventDate "2003.05.06"]
[EventType "tourn (corr)"]
[EventRounds "6"]
[SourceTitle "Corr 2008"]
[Source "ChessBase"]
[SourceDate "2008.06.24"]
[SourceVersion "1"]
[SourceVersionDate "2008.06.24"]
[SourceQuality "1"]

1. e4 e5 2. Nf3 d6 3. d4 Nd7 4. d5 Ne7 5. Nc3 c6 6. Ng5 f6 7. Ne6 Qa5 8. b4 Qb6 9. Na4 Qxb4+ 10. c3 Qxe4+ 11. Be3 Rb8 12. c4 Nb6 13. Nxb6 axb6 14. Qf3 Qxf3 15. gxf3 c5 16. Rb1 Bxe6 17. dxe6 Nc8 18. f4 g6 19. fxe5 dxe5 20. Rd1 Ke7 21. Bh3 f5 22. Bg2 e4 23. f3 exf3 24. Bxf3 Kxe6 25. Bf4 Bd6 26. Bg3 Bxg3+ 27. hxg3 Na7 28. Rb1 b5 29. cxb5 b6 30. a4 Rbd8 31. g4 Kf6 32. 0-0 h5 33. gxf5 gxf5 34. Be4 Rhg8+ 35. Kh1 Rd4 36. Bxf5 Rh4+ 37. Bh3+ Kg7 38. Rg1+ Kh8 39. Rxg8+ Kxg8 40. Kh2 Rxa4 41. Rg1+ Kh7 42. Bf5+ Kh6 43. Rg6+ Kh7 44. Rxb6+ Kg7 45. Ra6 Rxa6 46. bxa6 Kf6 47. Bd3 Ke5 48. Be2 Kd6 49. Bxh5 Kc7 50. Be2 Nc6 51. Kg1 Kb6 52. Kf1 Nb8 53. a7 Kxa7 54. Ke1 Kb6 55. Kd2 Nc6 56. Kc3 Nd4 0-1

[Event "IECG QN.2003.0.00273 email "]
[Site "IECG email"]
[Date "2003.05.06"]
[Round "?"]
[White "Cuellar Goytortua, Manuel de Jesus"]
[Black "Tobey, Al E"]
[Result "0-1"]
[WhiteElo "800"]
[BlackElo "507"]
[PlyCount "80"]
[EventDate "2003.05.06"]
[EventType "tourn (corr)"]
[EventRounds "6"]
[SourceTitle "Corr 2008"]
[Source "ChessBase"]
[SourceDate "2008.06.24"]
[SourceVersion "1"]
[SourceVersionDate "2008.06.24"]
[SourceQuality "1"]

1. e4 e5 2. Nf3 Bd6 3. d4 exd4 4. Nxd4 Bc5 5. Nf3 Ne7 6. c4 0-0 7. Bd3 Nbc6 8. 0-0 d6 9. Nc3 a6 10. Nd5 Nd4 11. Bg5 f6 12. Be3 Bg4 13. h3 Nxf3+ 14. gxf3 Bh5 15. Nf4 Bf7 16. Nd5 c6 17. Nf4 b5 18. Bxc5 dxc5 19. b3 b4 20. Qc2 Qc7 21. Ng2 Qe5 22. f4 Qd6 23. Rae1 Rfd8 24. Rd1 Ng6 25. e5 Qe7 26. Rfe1 fxe5 27. Be4 Rac8 28. fxe5 Nf8 29. Nf4 Qg5+ 30. Ng2 Bg6 31. Qc1 Qxc1 32. Rxc1 Rd2 33. Nf4 Rd4 34. Nxg6 Nxg6 35. e6 Nf4 36. Rcd1 Nxe6 37. Bf5 Rcd8 38. Bxe6+ Kf8 39. Bf5 g6 40. Bg4 Kg7 0-1

[Event "IECG TG.2002.0.14733"]
[Site "IECG email"]
[Date "2002.??.??"]
[Round "2"]
[White "Cuellar Goytortua, Manuel de Jesus"]
[Black "Ford, Charles"]
[Result "1-0"]
[WhiteElo "800"]
[BlackElo "800"]
[PlyCount "71"]
[EventDate "2002.??.??"]
[EventType "match (corr)"]
[EventRounds "2"]
[SourceTitle "Corr 2008"]
[Source "ChessBase"]
[SourceDate "2008.06.24"]
[SourceVersion "1"]
[SourceVersionDate "2008.06.24"]
[SourceQuality "1"]

1. e4 g6 2. d4 Nf6 3. Nc3 c6 4. Nf3 d6 5. Bc4 e5 6. dxe5 Bd7 7. exf6 Qxf6 8. Bg5 Qg7 9. e5 dxe5 10. Qe2 f6 11. Bh4 Bd6 12. Ne4 Bb4+ 13. c3 Be7 14. Bxf6 Bxf6 15. Nd6+ Ke7 16. Nxb7 Be6 17. b3 Ke8 18. Bxe6 Qxb7 19. Nxe5 Qe7 20. Qc4 Qd6 21. Nf7 Qa3 22. Nxh8 Qb2 23. 0-0 Qxc3 24. Bf7+ Ke7 25. Qe6+ Kd8 26. Rad1+ Kc7 27. Qd6+ Kb7 28. Rd5 Na6 29. Qd7+ Kb6 30. Rb5+ Kxb5 31. Qb7+ Kc5 32. Qxa8 Qc2 33. Qxa7+ Kb5 34. Qb7+ Kc5 35. Qxa6 Bd4 36. Qa7+ 1-0

[Event "IECG CN.2001.0.00240"]
[Site "IECG email"]
[Date "2001.03.25"]
[Round "?"]
[White "Cuellar Goytortua, Manuel de Jesus"]
[Black "Zazen, Zen"]
[Result "0-1"]
[WhiteElo "800"]
[BlackElo "800"]
[PlyCount "38"]
[EventDate "2001.03.25"]
[EventType "tourn (corr)"]
[EventRounds "6"]
[SourceTitle "Corr 2008"]
[Source "ChessBase"]
[SourceDate "2008.06.24"]
[SourceVersion "1"]
[SourceVersionDate "2008.06.24"]
[SourceQuality "1"]

1. e4 c5 2. d3 Nc6 3. Be3 Nf6 4. Bxc5 Qa5+ 5. b4 Nxb4 6. Bxb4 Qxb4+ 7. Qd2 Qb6 8. c4 e5 9. Nf3 Bc5 10. Nxe5 Bd4 11. Nc3 Bxe5 12. Rb1 Bxc3 13. Qxc3 Qxb1+ 14. Ke2 Qxa2+ 15. Kf3 d6 16. e5 Ng4 17. exd6 Qxf2+ 18. Ke4 Qe3+ 19. Kd5 Be6# 0-1

[Event "IECG CN.2000.0.00204"]
[Site "IECG email"]
[Date "2000.07.11"]
[Round "?"]
[White "Cuellar Goytortua, Manuel de Jesus"]
[Black "Talukdar, Aparnesh"]
[Result "0-1"]
[WhiteElo "800"]
[BlackElo "800"]
[PlyCount "20"]
[EventDate "2000.07.11"]
[EventType "tourn (corr)"]
[EventRounds "6"]
[SourceTitle "Corr 2008"]
[Source "ChessBase"]
[SourceDate "2008.06.24"]
[SourceVersion "1"]
[SourceVersionDate "2008.06.24"]
[SourceQuality "1"]

1. e4 c5 2. d3 d6 3. Nc3 Nf6 4. Nd5 Nxd5 5. exd5 e6 6. c4 exd5 7. cxd5 Be7 8. Ne2 0-0 9. Nf4 Re8 10. Be2 Bg5 0-1